01381nam a2200313 a 4500001001900000003000400019005001700023008004100040015001600081017004600097020001500143035002500158035002100183040002300204043003000227080001900257080002500276245016000301260005400461300001900515490003700534505017300571650004600744650008700790650008100877700002500958711004700983830003701030991048479149706706OSt20231024145056.0990604s1998 spc|||||| o110 ||cat  aLL19992bnc aDL B. 48324-1998bBiblioteca de Catalunya a8495166062 a(ES-BaCBU).b22756711 a(OCoLC)807392241 aES-BaBCbcatcCDMR ae-sp---be-spc--2catmarc a316.77 (061.3) a654.19(467.1)(061.3)04aEls Mitjans de comunicació i la societat de la informació :bCicle Joan Costa i Deu : del 5 al 21 de maig de 1998 /c[Joan Brunet i Mauri ... [et al.]] a[Sabadell :bFundació Caixa de Sabadell],c1998 a57 p. ;c30 cm1 aAula de ciència i cultura ;v7 aConté contribucions de: Joan Brunet, Llorenç Gomis, Antonio Franco, Salvador Alsius, Antoni Esteve, Jaume Guillamet, Ramon Rodríguez, Joan Cal i Dolors Altarriba. 7aPeriodismezCatalunyaxCongressos.2lemac 7aMitjans de comunicació de massazCatalunyaxAspectes socialsxCongressos.2lemac 7aSocietat de la informaciózCatalunyaxAspectes socialsxCongressos.2lemac1 aBrunet i Mauri, Joan2 aCicle Joan Costa i Deud(1998 :cSabadell) 0aAula de ciència i cultura ;v7